000 00723nam a2200217Ia 4500
005 20241129111419.0
008 241129s9999||||xx |||||||||||||| ||und||
020 _a978-1-032-66298-1
037 _aTB
040 _aCRL
_beng
_cCRL
041 _aeng
_2eng
084 _aW R3
_qCRL
100 _aPulipaka Sanjay Ed.; Srinivasan Krishnan Ed.; Mayall James Ed.
_9724352
245 0 _aPower, legitimacy, and world order: changing contours of preconditions and perspectives
_cPulipaka Sanjay Ed.; Srinivasan Krishnan Ed.; Mayall James Ed.
260 _aLondon, UK
_bRoutledge
_c2024
300 _axix,236p.
365 _aINR
_b1295
650 _aPolitical Science
942 _cTB
_hW R3
999 _c1230361
_d1230361